Disney Villians - Statistics

General Stats
  • This quiz has been taken 3,012 times
    2,974 since last reset
  • The average score is 10 of 15
Answer Stats
Hint Answer % Correct
Peter Pan Captain Hook
92%
The Lion King Scar
91%
Hercules Hades
88%
Aladdin Jafar
87%
The Little Mermaid Ursula
87%
101 Dalmations Cruella de Vil
80%
Alice in Wonderland Queen of Hearts
80%
Sleeping Beauty Maleficent
72%
Snow White Evil Queen
71%
Jungle Book Shere Khan
52%
Bambi Man
49%
Tarzan Clayton
39%
Mulan Shan Yu
35%
The Sword in the Stone Madame Mim
25%
Fantasia Chernabog
16%
No matching quizzes found
Score Distribution
Percent of People with Each Score
Percentile by Number Answered
Your Score History
You have not taken this quiz since the last reset